| 000 | 00692nam a2200241 a 4500 | ||
|---|---|---|---|
| 001 | 886 | ||
| 003 | BR-CuiBMT | ||
| 005 | 20231212143716.0 | ||
| 008 | 231122s2011 prb 000 0 por d | ||
| 020 | _a9788580920000 | ||
| 040 |
_aBR-CuiBMT _cBR-CuiBMT |
||
| 080 |
_a340.12 _22007 |
||
| 090 |
_a340.12 _bC672f |
||
| 100 | 1 |
_aCoelho, Luiz Fernando, _d1939- |
|
| 245 | 1 | 0 |
_aFumaça do bom direito : _bensaios de filosofia e teoria do direito / _cLuiz Fernando Coelho. |
| 250 | _a[1. ed.] | ||
| 260 |
_aCuritiba : _bBonijuris : _bJM, _c2011. |
||
| 300 |
_a320 p. ; _c23 cm |
||
| 650 |
_aDireito _xFilosofia |
||
| 650 |
_aDireito _xÉtica |
||
| 650 |
_aDireito _xEstudo e ensino |
||
| 942 |
_2udc _cLV |
||
| 999 |
_c886 _d886 |
||